[Event "AUTO-INT-995"]
[Site "http://www.queenalice.com/game.php?id=445140"]
[Date "2008.8.7"]
[Round "1"]
[White "tarfon"]
[Black "Mr_Andersen"]
[Result "1-0"]
[WhiteElo "1688"]
[BlackElo "1313"]

1. d4 d5 2. Nc3 Nf6 3. Bf4 Nc6 4. Nf3 e6 5. e3 Bb4 6. a3 Bxc3+ 7. bxc3 Ne4 8. c4
Nc3 9. Qd3 Na4 10. cxd5 exd5 11. Qb3 Nb6 12. Bb5 O-O 13. O-O Na5 14. Qd3 Nbc4
15. Ng5 Nb2 16. Qxh7# 1-0

[Event "AUTO-INT-995"]
[Site "http://www.queenalice.com/game.php?id=445141"]
[Date "2008.8.7"]
[Round "1"]
[White "Mr_Andersen"]
[Black "tarfon"]
[Result "0-1"]
[WhiteElo "1331"]
[BlackElo "1738"]

1. e4 d5 2. exd5 Qxd5 3. Nc3 Qe6+ 4. Qe2 Nc6 5. Nf3 Nf6 6. d4 Qxe2+ 7. Bxe2 Bf5
8. O-O O-O-O 9. Rd1 Bxc2 10. d5 Bxd1 11. Bxd1 Nxd5 12. Ne4 f6 13. a4 e6 14. Nc5
Bxc5 15. Ra3 Bxa3 16. bxa3 Nc3 17. Bb3 Ne2+ 18. Kf1 Nxc1 19. Bxe6+ Kb8 20. Ke1
Rhe8 21. g4 Rxe6+ 22. Kf1 Nd3 23. h4 Nf4 24. g5 Rd1+ 25. Ne1 Rexe1# 0-1

[Event "Challenge"]
[Site "http://www.queenalice.com/game.php?id=451341"]
[Date "2008.8.20"]
[Round "-"]
[White "tarfon"]
[Black "Dr_Jekyll"]
[Result "1-0"]
[WhiteElo "1726"]
[BlackElo "1341"]

1. d4 d5 2. Bf4 Bf5 3. Nc3 c6 4. Nf3 Nf6 5. e3 b5 6. Bd3 b4 7. Na4 Bxd3 8. Qxd3
b3 9. Qxb3 Qa5+ 10. c3 Na6 11. Qb7 Rd8 12. Qxc6+ Nd7 13. b4 Nb8 14. Bxb8 Qxa4
15. Qxa4 Rxb8 16. Ne5 Rd8 17. O-O f6 18. Nd3 Kf7 19. Rfe1 e5 20. dxe5 fxe5 21.
Qxa7 Bd6 22. Nc5 Bxc5 23. bxc5 Ke8 24. Rab1 Rc8 25. Rb5 Rf8 26. Rd1 Nf6 27. e4
Rf7 28. Rb7 Rxb7 29. Qxb7 Rxc5 30. exd5 Ne4 31. d6 Rxc3 32. Qe7# 1-0

[Event "Challenge"]
[Site "http://www.queenalice.com/game.php?id=454280"]
[Date "2008.8.27"]
[Round "-"]
[White "scaramouche"]
[Black "tarfon"]
[Result "1/2-1/2"]
[WhiteElo "1858"]
[BlackElo "1740"]

1. e4 e5 2. c4 Bc5 3. Nf3 Nc6 4. d3 d6 5. Nc3 h6 6. Be3 Bxe3 7. fxe3 Bg4 8. Be2
Bxf3 9. Bxf3 Qg5 10. Qe2 Nf6 11. O-O O-O 12. Nb5 Rfc8 13. a3 a6 14. Nc3 Ne7 15.
d4 c6 16. b4 Ra7 17. Na4 b5 18. Nb6 Rb8 19. c5 dxc5 20. dxc5 Ng6 21. a4 bxa4 22.
Rxa4 Nh4 23. Nc4 Rab7 24. Nd6 Rxb4 25. Rxb4 Rxb4 26. Nf5 Nxf3+ 27. Rxf3 Nxe4 28.
Nd6 Rb1+ 29. Rf1 Rxf1+ 30. Kxf1 Qf6+ 31. Kg1 Nxc5 32. Qd2 e4 33. Ne8 Qe5 34. Qd8
Kh7 35. h3 Nd3 36. Qd7 Qc5 37. Qxf7 Qxe3+ 38. Kh1 Qg5 39. Kg1 Nf4 40. g4 Nxh3+
41. Kh2 Nf4 42. Kg3 h5 43. Qf5+ Qg6 44. Qxg6+ Nxg6 45. gxh5 Ne7 46. Kf4 Kh6 47.
Kxe4 Kxh5 48. Nxg7+ Kg6 49. Ne6 Kf6 50. Nc5 a5 51. Kd4 Nd5 52. Na4 Ke6 53. Kc5
Kd7 54. Kc4 Kd6 55. Nc5 Nb6+ 56. Kd4 a4 57. Na6 a3 58. Kc3 Nc4 59. Kb3 c5 60.
Ka2 Kc6 61. Nb8+ Kb5 62. Nd7 Kb4 63. Nf6 Nb2 64. Nd5+ Ka4 65. Nc3+ Kb4 66. Nd5+
Ka4 67. Nc3+ Kb4 68. Nd5+ Kc4 69. Ne3+ Kb4 70. Nd5+ Ka4 71. Nc3+ Kb4 1/2-1/2

[Event "Challenge"]
[Site "http://www.queenalice.com/game.php?id=456368"]
[Date "2008.8.31"]
[Round "-"]
[White "JMasters"]
[Black "tarfon"]
[Result "1-0"]
[WhiteElo "1719"]
[BlackElo "1775"]

1. e4 d5 2. exd5 Qxd5 3. Nc3 Qe5+ 4. Be2 Nf6 5. Nf3 Qd6 6. d4 Nc6 7. g3 Bg4 8.
Bf4 Qb4 9. O-O Qxb2 10. Nb5 Nd5 11. Nxc7+ Nxc7 12. Bxc7 Bxf3 13. Bxf3 e6 14. Rb1
Qxa2 15. Rxb7 Qa6 16. Qb1 Rc8 17. c3 Be7 18. Be4 g6 19. Bxc6+ Qxc6 20. Be5 f6
21. Bf4 O-O 22. Rxe7 g5 23. Qxh7# 1-0

[Event "Challenge"]
[Site "http://www.queenalice.com/game.php?id=461676"]
[Date "2008.9.11"]
[Round "-"]
[White "sunking"]
[Black "tarfon"]
[Result "0-1"]
[WhiteElo "1780"]
[BlackElo "1737"]

1. d4 d5 2. Nc3 Nf6 3. Nf3 Nc6 4. Ne5 Bf5 5. e4 Nxe4 6. Nxe4 dxe4 7. Bb5 Qd6 8.
Bf4 Qb4+ 9. c3 Qxb5 10. Qh5 Nxe5 11. Qxf5 Nd3+ 12. Ke2 Qxf5 13. Ke3 Qxf4+ 14.
Ke2 Qxf2+ 15. Kd1 e3 16. Re1 Qd2# 0-1

[Event "Challenge"]
[Site "http://www.queenalice.com/game.php?id=463153"]
[Date "2008.9.14"]
[Round "-"]
[White "BOSQUES"]
[Black "tarfon"]
[Result "1-0"]
[WhiteElo "1736"]
[BlackElo "1757"]

1. d4 d5 2. Nc3 Nf6 3. h3 Nc6 4. Bf4 a6 5. Nf3 Bf5 6. g4 Be4 7. Bg2 e6 8. Bg5
Be7 9. Bxf6 Bxf6 10. Nxe4 dxe4 11. Ne5 Nxd4 12. c3 Bxe5 13. cxd4 Bxd4 14. Rb1
O-O 15. Bxe4 Qf6 16. O-O c6 17. e3 Be5 18. f4 Bxb2 19. Qc2 Ba3 20. g5 Qe7 21.
Bxh7+ Kh8 22. Rf3 e5 23. g6 exf4 24. exf4 Bc5+ 25. Kg2 fxg6 26. Bxg6 Qh4 27.
Qxc5 Rad8 28. Qh5+ Qxh5 29. Bxh5 b5 30. a3 Rf6 31. Kg3 Rd5 32. Bg4 Rg6 33. Rc1
c5 34. f5 Rg5 35. Re1 Kg8 36. Re6 a5 37. Kh4 Rxg4+ 38. hxg4 Kf7 39. Kg5 b4 40.
Rc6 a4 41. Rc7+ Kg8 42. Rc8+ Kf7 43. Re3 b3 44. Rc7+ Kf8 45. Kg6 b2 46. Rc8+ Rd8
47. Rxd8# 1-0

[Event "Challenge"]
[Site "http://www.queenalice.com/game.php?id=463154"]
[Date "2008.9.14"]
[Round "-"]
[White "tarfon"]
[Black "BOSQUES"]
[Result "0-1"]
[WhiteElo "1750"]
[BlackElo "1742"]

1. d4 d5 2. Nc3 Nf6 3. Nf3 Nc6 4. Bf4 e6 5. e3 Bd6 6. Bxd6 Qxd6 7. Nb5 Qb4+ 8.
c3 Qxb2 9. Nxc7+ Ke7 10. Nxa8 Kd6 11. Qc1 Qxc1+ 12. Rxc1 Bd7 13. Bd3 Rxa8 14.
O-O h6 15. Nd2 a6 16. c4 dxc4 17. Nxc4+ Ke7 18. Nb6 Rd8 19. e4 Nxd4 20. Rfe1 Bc6
21. e5 Nh5 22. Nc4 Nf4 23. Be4 Nde2+ 24. Kf1 Nxc1 25. Bxc6 bxc6 26. Rxc1 Rd5 27.
g3 Nd3 28. Rc3 Nxe5 29. Nxe5 Rxe5 30. Rxc6 Ra5 31. Rc2 g5 32. Kg2 f5 33. f3 Kf6
34. h4 gxh4 35. gxh4 f4 36. Kh3 h5 37. Rc4 e5 38. Rc6+ Kf5 39. Rc2 Ra3 40. Rf2
e4 41. Kg2 e3 42. Rc2 Ra5 43. Kf1 Rd5 44. Ke1 Ke5 45. Ke2 Kd4 46. Rc6 a5 47. Rf6
Ke5 48. Rh6 Rd2+ 49. Ke1 Kd4 50. Rxh5 Rxa2 51. Rf5 Kd3 52. Rxf4 Ra1# 0-1

[Event "Challenge"]
[Site "http://www.queenalice.com/game.php?id=463675"]
[Date "2008.9.15"]
[Round "-"]
[White "tarfon"]
[Black "Rbar2004"]
[Result "1-0"]
[WhiteElo "1753"]
[BlackElo "1690"]

1. d4 Nf6 2. Nc3 d5 3. Nf3 Bg4 4. h3 Bxf3 5. exf3 g6 6. Bg5 Bg7 7. Qd3 Nc6 8.
Qb5 O-O 9. O-O-O h6 10. Bf4 Rb8 11. Be5 Nxe5 12. dxe5 c6 13. Qa4 Nd7 14. f4 e6
15. Qxa7 1-0

[Event "Challenge"]
[Site "http://www.queenalice.com/game.php?id=467500"]
[Date "2008.9.24"]
[Round "-"]
[White "tarfon"]
[Black "BIGJACK"]
[Result "0-1"]
[WhiteElo "1798"]
[BlackElo "1880"]

1. d4 d5 2. Nc3 Bf5 3. Nf3 Nf6 4. Bf4 Nbd7 5. e3 e6 6. Bd3 Ne4 7. Nb5 Bd6 8.
Bxe4 dxe4 9. Bxd6 cxd6 10. Nxd6+ Ke7 11. Nxf5+ exf5 12. Nh4 g6 13. g3 Nf6 14. f3
Qd5 15. f4 Rac8 16. c3 Rhd8 17. Qb3 b6 18. O-O a5 19. Qxb6 Rb8 20. Qc7+ Kf8 21.
c4 Qb7 22. Qxb7 Rxb7 23. b3 Ke7 24. Rfd1 Ng4 25. Ng2 Rc7 26. Rac1 h5 27. c5 Nf6
28. a3 Nd5 29. Rc4 Rb8 30. Rb1 Rcb7 31. c6 Rc7 32. Rc5 Ke6 33. b4 axb4 34. axb4
Rxb4 35. Rxb4 Nxb4 36. Re5+ Kd6 37. Rb5 Nxc6 38. Ne1 Na7 39. Ra5 Nc8 40. Ra2 Kd5
41. Nc2 Kc4 42. Na3+ Kb3 43. Nb5 Rc1+ 44. Kf2 Kxa2 45. d5 Rc2+ 46. Ke1 Rb2 47.
Nc3+ Ka3 48. Nd1 Rxh2 49. Nc3 Nd6 50. Kd1 Kb3 51. Nb1 Nc4 0-1

[Event "Challenge"]
[Site "http://www.queenalice.com/game.php?id=467502"]
[Date "2008.9.24"]
[Round "-"]
[White "BIGJACK"]
[Black "tarfon"]
[Result "1-0"]
[WhiteElo "1839"]
[BlackElo "1786"]

1. e4 e5 2. Nf3 Nc6 3. Bc4 h6 4. d4 exd4 5. Nxd4 Qf6 6. c3 Bc5 7. Be3 Nge7 8.
Qe2 Nxd4 9. Bxd4 Bxd4 10. cxd4 Qxd4 11. Nc3 d6 12. Rd1 Qc5 13. O-O Be6 14. Nd5
Ng6 15. Rc1 Bxd5 16. exd5+ Kd8 17. Qf3 Ne5 18. Qe4 Re8 19. Rfe1 c6 20. dxc6 bxc6
21. Bxf7 Qxc1 22. Rxc1 Nxf7 23. Qxc6 Ke7 24. Qb7+ Kf8 25. f3 Red8 26. Rc7 Ng5
27. Rxg7 Re8 28. Rg6 Nf7 29. Rf6 Re7 30. Qxa8+ Kg7 31. Rxf7+ Rxf7 32. Qd5 Rd7
33. Kf2 Rd8 34. Qd4+ Kf7 35. Qxa7+ Ke6 36. a4 Rd7 37. Qe3+ Kd5 38. Qxh6 Kc5 39.
a5 Kb5 40. Qg5+ Kb4 41. Qg4+ 1-0

[Event "Challenge"]
[Site "http://www.queenalice.com/game.php?id=467503"]
[Date "2008.9.24"]
[Round "-"]
[White "BIGJACK"]
[Black "tarfon"]
[Result "0-1"]
[WhiteElo "1859"]
[BlackElo "1766"]

1. e4 e5 2. Nf3 Nc6 3. Bc4 Bc5 4. c3 Nf6 5. d4 exd4 6. cxd4 Bb4+ 7. Bd2 Bxd2+ 8.
Nbxd2 d6 9. O-O Bg4 10. h3 Bxf3 11. Nxf3 O-O 12. e5 d5 13. Bb3 Ne4 14. Re1 Nb4
15. Rc1 c6 16. a3 Na6 17. Bc2 Ng5 18. Qd3 g6 19. Nxg5 Qxg5 20. f4 Qxf4 21. Rf1
Qg5 22. Rce1 Rae8 23. Qb3 b5 24. a4 Nc7 25. axb5 Nxb5 26. Qb4 a6 27. Rf3 Qh4 28.
Rd1 Rb8 29. Qa4 Rb6 30. Rfd3 f6 31. Re3 fxe5 32. Rxe5 Qf2+ 33. Kh1 Rf4 34. Qa5
Rb8 35. Qxa6 Qxc2 36. Rde1 Nd6 37. Qa7 Rxb2 38. Rg1 Rf1 39. Rg5 Rxg1+ 40. Kxg1
Qc1+ 41. Kh2 Qxg5 0-1

[Event "Challenge"]
[Site "http://www.queenalice.com/game.php?id=467961"]
[Date "2008.9.24"]
[Round "-"]
[White "Aguinaldo"]
[Black "tarfon"]
[Result "1-0"]
[WhiteElo "1810"]
[BlackElo "1734"]

1. e4 e5 2. Nf3 Nc6 3. Bb5 a6 4. Bxc6 bxc6 5. Nc3 Nf6 6. d3 h6 7. Nxe5 Bc5 8.
Na4 Qe7 9. Nxc5 Qxe5 10. Nb3 d5 11. f4 Qe7 12. e5 Ng4 13. h3 Qh4+ 14. Kd2 Nf2
15. Qe1 g5 16. Rf1 Nxh3 17. Qxh4 gxh4 18. gxh3 Bxh3 19. Rh1 Bf5 20. Rxh4 O-O-O
21. Nd4 Bd7 22. f5 c5 23. e6 fxe6 24. fxe6 cxd4 25. exd7+ Rxd7 26. Rxd4 c5 27.
Rh4 Rg7 28. Kc3 Rg1 29. b3 h5 30. Bb2 Rg4 31. Rxg4 hxg4 32. Rg1 Rg8 33. Bc1 g3
34. Bf4 Rg4 35. Bxg3 Kd7 36. Kd2 Ke6 37. Re1+ Kf5 38. Bd6 c4 39. bxc4 dxc4 40.
dxc4 Rd4+ 41. Kc3 Rxd6 42. c5 Rd5 43. Kc4 Rd2 44. Kb3 a5 45. a4 Rd4 46. c3 Rd7
47. Kc4 Rb7 48. c6 Rb6 49. Kc5 Rb3 50. Rc1 Ke6 51. c4 Ke7 52. Rd1 Rf3 53. c7 Rf8
54. Kb6 1-0

[Event "Challenge"]
[Site "http://www.queenalice.com/game.php?id=477035"]
[Date "2008.10.14"]
[Round "-"]
[White "Mike36bh"]
[Black "tarfon"]
[Result "0-1"]
[WhiteElo "1887"]
[BlackElo "1731"]

1. d4 d5 2. Nc3 Nf6 3. Bf4 Bf5 4. e3 e6 5. a3 Bd6 6. Bg5 h6 7. Bxf6 Qxf6 8. h3
Nc6 9. Nf3 a6 10. Bd3 O-O 11. Bxf5 Qxf5 12. O-O e5 13. dxe5 Nxe5 14. Nxe5 Qxe5
15. g3 c6 16. h4 Rae8 17. Kh2 f5 18. Qd2 g5 19. hxg5 hxg5 20. Qd1 f4 21. exf4
gxf4 22. Qg4+ Kf7 23. Rae1 Qxe1 24. Qf5+ Kg7 25. Qg5+ Kf7 26. Rxe1 Rxe1 27. gxf4
Rh8+ 28. Kg2 Rg8 29. Qxg8+ Kxg8 30. Kf3 Rc1 31. Ne2 Rxc2 32. f5 Rxb2 33. Nd4
Bxa3 34. Ke3 Bc5 35. Kd3 Rxf2 36. Ne6 Be7 37. Nd4 b5 38. Nxc6 Bf6 39. Nb4 a5 40.
Nxd5 Rxf5 41. Ke4 Re5+ 42. Kd4 a4 43. Nxf6+ Kf7 44. Nd7 Re2 45. Kd3 Rb2 46. Kc3
a3 47. Ne5+ Ke6 48. Nd3 Rb1 49. Nb4 Kd6 50. Na2 Kc5 51. Kc2 Rb2+ 0-1

[Event "Challenge"]
[Site "http://www.queenalice.com/game.php?id=486589"]
[Date "2008.11.1"]
[Round "-"]
[White "Danilo"]
[Black "tarfon"]
[Result "0-1"]
[WhiteElo "1801"]
[BlackElo "1781"]

1. e4 e5 2. Nf3 Nc6 3. Bc4 Bc5 4. d3 h6 5. a3 d6 6. Nc3 Nf6 7. b4 Bd4 8. Nxd4
Nxd4 9. O-O Bg4 10. f3 Bh5 11. Be3 O-O 12. h4 Qd7 13. g4 Nxf3+ 14. Qxf3 Qxg4+
15. Qxg4 Nxg4 16. Bd2 c6 17. Kh1 a5 18. Rg1 axb4 19. axb4 Rxa1 20. Rxa1 Nf6 21.
Rg1 Bf3+ 22. Kh2 d5 23. exd5 cxd5 24. Bb3 Kh7 25. Nxd5 Bxd5 26. Bxd5 Nxd5 27. c4
Nf6 28. Be3 h5 29. d4 Ng4+ 30. Kh3 Nxe3 31. dxe5 Nxc4 0-1

[Event "AUTO-INT-995"]
[Site "http://www.queenalice.com/game.php?id=518340"]
[Date "2009.1.7"]
[Round "2"]
[White "tarfon"]
[Black "Krajnicov"]
[Result "1-0"]
[WhiteElo "1787"]
[BlackElo "1537"]

1. d4 e6 2. Nf3 Qf6 3. Nc3 a6 4. Bg5 Qg6 5. e3 h6 6. Bf4 Be7 7. Bxc7 Nc6 8. d5
Na5 9. Bxa5 Bd6 10. Qd4 h5 11. Qb6 exd5 12. Qd8# 1-0

[Event "AUTO-INT-995"]
[Site "http://www.queenalice.com/game.php?id=518341"]
[Date "2009.1.7"]
[Round "2"]
[White "Krajnicov"]
[Black "tarfon"]
[Result "0-1"]
[WhiteElo "1454"]
[BlackElo "1793"]

1. e4 d5 2. Qf3 dxe4 3. Qxe4 Nf6 4. Qf3 Bg4 5. Qf4 Nc6 6. Bc4 Nd4 7. Na3 e6 8.
Nb5 Nxc2+ 9. Kf1 Bd6 10. Qg5 Nxa1 11. Bd3 g6 12. f3 Bf5 13. Bc4 Bc5 14. Nh3 Bd3+
15. Ke1 Bxc4 16. Nc3 Nc2+ 17. Kd1 Qd3 18. Qxc5 Nd4 19. b3 Qc2+ 20. Ke1 Qxc1+ 21.
Kf2 Qxd2+ 22. Kg3 Nh5+ 23. Qxh5 gxh5 0-1

[Event "AUTO-INT-995"]
[Site "http://www.queenalice.com/game.php?id=518342"]
[Date "2009.1.7"]
[Round "2"]
[White "tarfon"]
[Black "mg23campos"]
[Result "1-0"]
[WhiteElo "1813"]
[BlackElo "1822"]

1. d4 e6 2. Nf3 Nc6 3. Nc3 Nf6 4. Bf4 Bb4 5. a3 Bxc3+ 6. bxc3 Ne4 7. Qd3 d5 8.
c4 Qf6 9. e3 g5 10. Nxg5 Nxg5 11. Bxg5 Qxg5 12. cxd5 Qxd5 13. e4 Qa5+ 14. c3 b6
15. Qc4 Bd7 16. Be2 h5 17. O-O h4 18. h3 Qg5 19. f4 Qg3 20. Rf3 Qg6 21. Re1 e5
22. d5 Rg8 23. Bf1 Na5 24. Qxc7 Nb3 25. Qxe5+ Kf8 26. Re2 Bb5 27. Rb2 Bxf1 28.
Kxf1 Re8 29. Qf5 Qxf5 30. exf5 Nc5 31. c4 Rc8 32. Re3 f6 33. d6 Kg7 34. Re7+ Kh8
35. d7 Nxd7 36. Rxd7 Rxc4 37. Rf2 Rg3 38. Rxa7 Rb3 39. Ke1 Rc1+ 40. Kd2 Rbc3 41.
Ra6 Rc6 42. a4 R1c2+ 43. Ke1 Rc1+ 44. Kd2 R6c2+ 45. Ke3 Rc3+ 46. Kd4 Rc4+ 47.
Kd5 Rc5+ 48. Ke6 Rc6+ 49. Kd5 R1c5+ 50. Ke4 Rc3 51. Rb2 R6c4+ 52. Kd5 Rxf4 53.
Rbxb6 Kg7 54. Rxf6 1-0

[Event "AUTO-INT-995"]
[Site "http://www.queenalice.com/game.php?id=518343"]
[Date "2009.1.7"]
[Round "2"]
[White "mg23campos"]
[Black "tarfon"]
[Result "0-1"]
[WhiteElo "1840"]
[BlackElo "1795"]

1. e4 d5 2. e5 Nc6 3. Nf3 d4 4. Bc4 Nh6 5. Ng5 Nxe5 6. d3 Bg4 7. f3 Be6 8. Bxe6
fxe6 9. Nxe6 Qd6 10. Ng5 Nf5 11. Ne4 Qg6 12. g3 e6 13. c3 O-O-O 14. c4 Ne3 15.
Qe2 Bb4+ 16. Bd2 Nc2+ 17. Kd1 Nxa1 18. Bxb4 Nc6 19. Ba3 e5 20. b4 a6 21. b5 axb5
22. cxb5 Na7 23. b6 Qxb6 24. Nbd2 Nb5 25. Nc4 Qe6 26. Qb2 Nc3+ 27. Kd2 Nxe4+ 28.
fxe4 Qh6+ 29. Ke1 Rd7 30. Qxa1 Rf7 31. Nxe5 Qe3+ 32. Kd1 Rf2 33. Qb2 Rxb2 34.
Bxb2 Rf8 35. Kc2 c5 36. Kb3 Re8 37. Bc1 Qe2 38. Bf4 Re6 39. Kc4 b6 40. Rc1 Qxa2+
41. Kb5 Qb3+ 42. Ka6 Qa4# 0-1